Phân tích tình hình hoạt động kinh doanh tại công ty cổ phần thuỷ sản Cửu Long Khoá luân tốt nghiệp. Chuyên ngành: Kế toán
Đã lưu trong:
| Hovedforfatter: | |
|---|---|
| Nhiều tác giả của công ty: | , |
| Andre forfattere: | |
| Sprog: | Undetermined Vietnamese |
| Udgivet: |
Trà Vinh
Trường Đại học Trà Vinh
2019
|
| Fag: | |
| Tags: |
Tilføj Tag
Ingen Tags, Vær først til at tagge denne postø!
|
| Thư viện lưu trữ: | Trung tâm Học liệu Trường Đại học Trà Vinh |
|---|
| LEADER | 01071nam a2200289Ia 4500 | ||
|---|---|---|---|
| 001 | TVU_30821 | ||
| 008 | 210423s9999 xx 000 0 und d | ||
| 041 | |a vie | ||
| 082 | |a 338.7 | ||
| 082 | |b Tr309 | ||
| 100 | |a Nguyễn, Thị Xuân Triều | ||
| 245 | 0 | |a Phân tích tình hình hoạt động kinh doanh tại công ty cổ phần thuỷ sản Cửu Long | |
| 245 | 0 | |b Khoá luân tốt nghiệp. Chuyên ngành: Kế toán | |
| 245 | 0 | |c Nguyễn Thị Xuân Triều ; Nguyễn Thị Ngọc Diệu (giáo viên hướng dẫn) | |
| 260 | |a Trà Vinh | ||
| 260 | |b Trường Đại học Trà Vinh | ||
| 260 | |c 2019 | ||
| 300 | |a xi, 66 tr. | ||
| 300 | |b minh hoạ | ||
| 300 | |c 30 cm | ||
| 504 | |a Thư mục: tr.66 | ||
| 650 | |a Hoạt động kinh doanh; Phân tích hoạt động kinh doanh | ||
| 700 | |a Nguyễn Thị Xuân Triều; Nguyễn Thị Ngọc Diệu | ||
| 700 | |e giáo viên hướng dẫn | ||
| 710 | |a Trường Đại học Trà Vinh | ||
| 710 | |b Khoa Kinh tế, Luật | ||
| 980 | |a Trung tâm Học liệu Trường Đại học Trà Vinh | ||